Les 20 villes les plus peuplées du Gard sur une carte - Statistiques

Statistiques générales
  • Ce quiz a été pris 116 fois
  • Le résultat moyen est 10 sur 20
Réponses sur la Carte
Les réponses sont colorées sur une échelle allant du rouge au vert en fonction du pourcentage des utilisateurs qui les ont devinées à leur premier essai. Vous pouvez retrouver ces pourcentages ci-dessous.
 
Statistiques - réponses
Pop Réponse % Correct
148 104 Nîmes
100%
43 892 Alès
97%
8 379 Uzès
78%
15 680 Beaucaire
74%
8 438 Le-Grau-du-Roi
71%
18 248 Bagnols-sur-Cèze
64%
14 264 Saint-Gilles
62%
8 685 Aigues-Mortes
56%
12 617 Villeneuve-lès-Avignon
51%
10 600 Pont-Saint-Esprit
50%
11 774 Vauvert
44%
8 467 Marguerittes
40%
8 480 Les Angles
34%
7 115 Saint-Christol-lez-Alès
28%
7 740 Bellegarde
22%
6 192 Bouillargues
20%
7 109 Manduel
20%
7 921 Rochefort-du-Gard
16%
6 105 Calvisson
14%
6 511 Laudun l'Ardoise
14%
Aucun quiz correspondant
Distribution des résultats
% des personnes avec chaque résultat
Percentile par nombre de réponses
Votre historique - résultats
Vous n’avez pas pris ce quiz